000 01308nam a2200241Ia 4500
999 _c53206
_d53206
001 20247
003 GE_BSU
005 20210330105837.0
008 181216s2016||||ge |||||||||||||| ||geo||
040 _cGE_BSU
041 _ageo
080 _a82 ღ-73
100 _aღლონტი, კახა
_910828
245 _aწარმართული და ქრისტიანული ტრადიციების ასახვა კონსტანტინე გამსახურდიას შემოქმედებაში /
_cკახა ღლონტი; სამეცნ. ხელმძღვანელი რ. ხალვაში; ბსუ.
264 _aბათუმი,
_c2016.
300 _a184 გვ.
_b30 სმ.
504 _aბიბლ. გვ. 180-184
653 _aდისერტაცია
653 _aლიტმცოდნეობა
653 _aწარმართული და ქრისტიანული ტრადიციების ასახვა კონსტანტინე გამსახურდიას შემოქმედებაში
700 _aხალვაში, რამაზ
_eსამეცნ. ხელმძღვანელი
_92151
942 _cBK
_2udc